• 首页
  • 本馆介绍
  • 公告通知
  • 最新文献
  • 馆藏检索
  • 电子资源
  • 读者导购
  • 参考咨询
  • 我的图书馆
  • 登录
  • 详细信息显示
  • 放入我的书架
  • 预约/预借图书
  • 作者相关作品
  • 分类相关作品
  • 丛书相关作品
  • 出版社相关作品

书目信息

  • 表格格式
  • 工作单格式
  • 卡片格式
题名:
哈佛大学
    
 
作者: 林大为 编著
分册:  
出版信息: 北京   现代出版社  2013
页数: 184页
开本: 23cm
丛书名: 未来领袖摇篮系列丛书
单 册:
中图分类: G649.712.8-49 , G64
科图分类:
主题词:
电子资源:
ISBN: 978-7-5143-1373-4
000 01166nam0 2200301 450
001 2331311164
005 20231110092737.17
010    @a978-7-5143-1373-4@dCNY32.00
100    @a20140429d2013 demy0chiy50 ea
101 0  @achi
102    @aCN@b110000
105    @aa z 000yd
200 1  @a哈佛大学@9ha fu da xue@e与真理交朋友@dHarvard Universitay [i.e.University]@ebe friends with truce@f林大为编著@zeng
210    @a北京@c现代出版社@d2013
215    @a184页@c图,照片@d23cm
225 2  @a未来领袖摇篮系列丛书
330    @a本书选了最具代表性的世界名校哈佛大学,通过对这所名校的概况、教学特点、培养的名人等的介绍,意在深度挖掘人才成功之路上不为人知的细节,同时剖析名校培养人才的根本原因所在。
461  0 @12001 @a未来领袖摇篮系列丛书
510 1  @aHarvard University@ebe friends with truce@zeng
510 1  @aHarvard Universitay@ebe friends with truce@zeng
517 1  @a与真理交朋友@9yu zhen li jiao peng you
601 02 @a哈佛大学@j青年读物
601 02 @a哈佛大学@j少年读物
690    @aG649.712.8-49@v5
690    @aG64@v4
701  0 @a林大为@9lin da wei@4编著
801  0 @aCN@b大连网信软件有限公司图书馆·11@c20231110
905    @aBZT@dG64@e21
    
    哈佛大学:与真理交朋友=Harvard Universitay [i.e.University]:be friends with truce/林大为编著.-北京:现代出版社,2013
    184页:图,照片;23cm.-(未来领袖摇篮系列丛书)
    
    
    ISBN 978-7-5143-1373-4:CNY32.00
    本书选了最具代表性的世界名校哈佛大学,通过对这所名校的概况、教学特点、培养的名人等的介绍,意在深度挖掘人才成功之路上不为人知的细节,同时剖析名校培养人才的根本原因所在。
●
相关链接 在五车中查询图书 在当当中查询图书 在豆瓣中查询图书


正题名:哈佛大学     索取号:G64/21         预约/预借

序号 登录号 条形码 馆藏地/架位号 状态 备注
1 2000941141   2000941141   安徽时代转三新/湖北三新(第三批)/89/ [索取号:G64/21] 在馆    
2 2000941142   2000941142   安徽时代转三新/湖北三新(第三批)/89/ [索取号:G64/21] 在馆    
3 2000941143   2000941143   安徽时代转三新/湖北三新(第三批)/89/ [索取号:G64/21] 在馆    
4 2000941144   2000941144   安徽时代转三新/湖北三新(第三批)/89/ [索取号:G64/21] 在馆    
5 2000941145   2000941145   安徽时代转三新/湖北三新(第三批)/89/ [索取号:G64/21] 在馆    
6 2000941146   2000941146   安徽时代转三新/湖北三新(第三批)/89/ [索取号:G64/21] 在馆    
山东省滨州职业学院图书馆 欢迎您!
大连网信软件有限公司© 版权所有